000 nam a22 7a 4500
999 _c40519
_d40519
005 20171114120234.0
008 171114b xxu||||| |||| 00| 0 eng d
040 _aANE
041 _aEs
082 _a863 S182
110 _aSalvat S.A
245 _aAlfanhui
_cSalvat S.A
260 _aNavarra
_bSalvat S.A
_c1971
300 _a161 p.
500 _aÍndice
500 _aPrólogo
942 _2ddc
_cBK
_zNr.